Statistics for 90 secs Countries of the World: by Borders

Click here to take the quiz!

General Stats

  • This quiz has been taken 9,568 times
  • The average score is 113 of 157

Answer Stats

COUNTRY % Correct
Russia
99%
China
99%
France
99%
Poland
98%
North Korea
98%
Kazakhstan
98%
Mongolia
98%
Brazil
97%
Pakistan
97%
Ukraine
97%
Burma
97%
Azerbaijan
97%
Belarus
96%
Lithuania
96%
India
96%
Afghanistan
96%
Norway
96%
Finland
96%
Georgia
96%
Germany
95%
Nepal
95%
Bhutan
95%
Latvia
94%
Suriname
94%
Estonia
94%
Laos
94%
Switzerland
94%
Mexico
93%
Spain
93%
United States
93%
Austria
92%
Tajikistan
92%
Vietnam
92%
Bolivia
92%
Argentina
92%
Peru
91%
Kyrgyzstan
91%
Colombia
91%
Luxembourg
90%
Paraguay
90%
Belgium
90%
Canada
90%
Netherlands
89%
Uruguay
89%
Venezuela
88%
Italy
88%
Central African Republic
87%
Libya
87%
Guyana
87%
Czech Republic
86%
South Sudan
86%
Niger
84%
Sudan
84%
Democratic Republic of the Congo
84%
Turkey
84%
Andorra
83%
Iraq
83%
Zambia
83%
Cameroon
83%
Tanzania
83%
United Kingdom
82%
Chad
81%
Iran
81%
Namibia
80%
Algeria
80%
Republic of the Congo
80%
Mozambique
80%
Botswana
79%
Zimbabwe
79%
Uganda
79%
South Africa
79%
Mali
78%
Angola
78%
Denmark
78%
Bangladesh
77%
Slovenia
76%
Rwanda
76%
Bulgaria
75%
Sri Lanka
75%
Armenia
74%
Morocco
74%
Burundi
74%
Hungary
74%
Jordan
73%
Saudi Arabia
72%
Swaziland
72%
Lesotho
72%
Egypt
72%
Burkina Faso
71%
Monaco
70%
Greece
70%
Turkmenistan
70%
Slovakia
69%
Chile
69%
Mauritania
69%
Syria
69%
Guatemala
68%
Malaysia
68%
Ireland
68%
Nigeria
67%
Gabon
66%
Macedonia
66%
Serbia
65%
Romania
65%
Kuwait
65%
Ethiopia
64%
Oman
63%
Belize
62%
Israel
62%
United Arab Emirates
62%
Qatar
60%
Yemen
60%
Thailand
60%
Vatican City
59%
Portugal
59%
Indonesia
59%
Côte d'Ivoire
58%
San Marino
58%
Kenya
57%
Montenegro
56%
Cambodia
56%
Croatia
56%
Guinea
56%
Sweden
55%
Benin
55%
Senegal
55%
Panama
55%
Costa Rica
54%
Albania
53%
Papua New Guinea
52%
Eritrea
52%
East Timor
51%
Ecuador
51%
Kosovo
51%
Somalia
50%
Tunisia
49%
Honduras
49%
Bosnia and Herzegovina
48%
Uzbekistan
46%
Nicaragua
45%
Moldova
42%
Djibouti
42%
El Salvador
42%
Liechtenstein
39%
Togo
38%
Lebanon
37%
Malawi
37%
Ghana
36%
Dominican Republic
35%
Haiti
35%
South Korea
33%
Guinea-Bissau
30%
Liberia
29%
Brunei
29%
Sierra Leone
27%
Gambia
26%
Equatorial Guinea
22%

Score Distribution

Percentile by Number Answered

Percent of People with Each Score

Your Score History

You have not taken this quiz